000
00335nam a2200133Ia 4500
008
230627s9999 xx 000 0 und d
041
_a
eng
082
_a
346.059
_b
SNE
100
_a
Snell,Megarry R
245
_a
Principles Of Equity
250
_a
27ed.
260
_a
London
_b
Sweet And Maxwell Limited
_c
1973
700
_a
Baker P.V.
999
_c
681706
_d
681706